Obtención de un gráfico del factor de fricción para algunos fluidos, no newtonianos en función del índice de flujo n, y el numero de Reynolds modificado
Gorde:
| Egile nagusia: | |
|---|---|
| Formatua: | Liburua |
| Argitaratua: |
[San José , Costa Rica]
1972
|
| Etiketak: |
Etiketa erantsi
Etiketarik gabe, Izan zaitez lehena erregistro honi etiketa jartzen!
|
MARC
| LEADER | 00000nam a2200000Ia 4500 | ||
|---|---|---|---|
| 003 | 005238 | ||
| 005 | 20231127090535.0 | ||
| 008 | 140114s1972 cr a m 000 ||s d | ||
| 040 | |c cru CEDI | ||
| 090 | |a TFG 4410 | ||
| 100 | |a Laurent Delgado, Olman Eduardo, 1948-2013 |9 1874 | ||
| 245 | |a Obtención de un gráfico del factor de fricción para algunos fluidos, no newtonianos en función del índice de flujo n, y el numero de Reynolds modificado | ||
| 260 | |a [San José , Costa Rica] |c 1972 | ||
| 300 | |a 75 hojas : ilustraciones | ||
| 500 | |a Proyecto de graduación(ingeniero químico)--Universidad de Costa Rica | ||
| 501 | |a Director de Proyecto de Graduación: Ing. Raúl Oquendo | ||
| 942 | |c TFG |h TFG 4410 |i 005238 |6 TFG_4410_005238000000000 | ||
| 999 | |c 18029 |d 18029 | ||
